banner-ar

المختار من المنتسب والمغترب فى لغة العرب / (Record no. 67709)

MARC details
000 -الفاتح
حقل البيانات ثابتة الطول 00761nam a2200205Ia 4500
005 - وقت وتاريخ اخر تعامل مع التسجيلة
رقم الضبط 20250622124039.0
008 - عناصر البيانات ثابتة الطول - معلومات عامة
حقل البيانات ثابتة الطول 250616s9999||||xx |||||||||||||| ||ara||
017 ## - رقم الايداع القانونى
رقم الايداع القانونى 2024/25227
المصدر ( الهيئة المختصة) مصر. دار الكتب
020 ## - الرقم الدولى المعيارى للكتب
الرقم الدولى المعيارى للكتاب 9789771815822
082 04 - رقم تصنيف ديوى العشرى
رقم التصنيف "412,4"
رقم المادة أ م
100 0# - المدخل الرئيسى - إسم شخصى
الإسم الشخصى أحمد سويلم
245 10 - بيان العنوان
العنوان المختار من المنتسب والمغترب فى لغة العرب /
بيان المسئوليه,etc جمع وإعداد أحمد سويلم
250 ## - بيان الطبعة
بيان الطبعة ط1
260 3# - PUBLICATION, DISTRIBUTION, ETC. (IMPRINT)
تاريخ النشر أو التوزيع 2024.
300 ## - الوصف المادى
التعداد 592ص ؛
أبعاد الوعاء 24سم.
650 ## - المدخل الاضافى بالموضوع-مصطلح موضوعى
مصطلح موضوعي اللغة العربية
التقسيم الفرعي العام الاشتقاق
650 ## - المدخل الاضافى بالموضوع-مصطلح موضوعى
مصطلح موضوعي اللغة العربية
التقسيم الفرعي العام ألفاظ
942 ## - عناصر المدخل الإضافي( كوها)
Koha [default] item type كتاب
260 3# - PUBLICATION, DISTRIBUTION, ETC. (IMPRINT)
-- القاهرة :
-- "دار الكتب والوثائق القومية،"
Holdings
حالة التراجع حالة الفقد حالة تلف ليس للاعارة المكان المؤقت الموقع الحالى موقع الترفيف تاريخ الاكتساب اجمالي اﻻعارات تاريخ اخر مشاهدة تاريخ تفعيل السعر نوع وعاء كوها
        مكتبة القاهرة الكبرى مكتبة القاهرة الكبرى القاعة الرئيسية 06/22/2025   06/22/2025 06/22/2025 كتاب

Powered By

EGPV